| 000 | 00823cam a22002414a 4500 | ||
|---|---|---|---|
| 001 | 38409 | ||
| 003 | (BD-RjUL) | ||
| 005 | 20211209052806.0 | ||
| 008 | 000819s2000 enka b 001 0 eng | ||
| 020 | _a9788178080741 | ||
| 020 | _a8178080745 | ||
| 035 | _a(BD-RjUL) | ||
| 040 |
_aDLC _c(BD-RjUL) _dDLC |
||
| 082 | 0 | 0 |
_a621.3670285 _221 _bEFD 2000 |
| 100 | 1 |
_aEfford, Nick. _9118646 |
|
| 245 | 1 | 0 |
_aDigital image processing : _ba practical introduction using Java / _cNick Efford. |
| 260 |
_aHarrow, England ; _aNew York : _bPearson Education, _cc2000. |
||
| 300 |
_axxiii, 340 p. : _bill. (some col.) ; _c24 cm. + _e1 computer optical disc (4 3/4 in.) |
||
| 504 | _aIncludes bibliographical references and index. | ||
| 650 | 0 |
_aImage processing _xDigital techniques. _9118647 |
|
| 942 |
_2ddc _cBK |
||
| 999 |
_c38409 _d38409 |
||